000 01109nam a2200241Ia 4500
003 Ost
005 20260507075633.0
008 260507s9999||||xx |||||||||||||| ||und||
040 _cfsecg
041 _aara
082 _a658.7
100 _aالعدوان، محمد
_eمؤلف
245 0 _aإدارة الشراء والتخزين :
_bمدخل حديث لإدارة المواد /
_c محمد العدوان
260 _aعمان:
_bدار الصفاء للنشر والتوزيع,
_c2005
300 _a256 صفحة؛
_bإيضاحات ؛
_c24 سم
504 _aالمراجع ص. 254
520 _aالمفاهيم الأساسية لإدارة الشراء -الأصول العلمية لإدارة الشراء -تخطيط الشراء -تنفيذ الشراء -تقييم الشراء -تخطيط المخزون -إجراءات التخزين -الرقابة على المخزون
653 _aإدارة المخازن
653 _aالشراء
700 _aالزعبي، هيثم
_eمؤلف ثانوي
700 _aالمشاقبة، علي
_eمؤلف ثانوي
942 _cكتاب
999 _c45259
_d45259